[Event "Landesliga Nord 0102"]
[Site "Bayern"]
[Date "2002.02.03"]
[Round "5.8"]
[White "Ceming, Bernhard"]
[Black "Auburger, Philipp"]
[Result "1/2-1/2"]
[WhiteElo "1885"]
[BlackElo "1805"]
[PlyCount "118"]
[EventDate "2001.10.07"]
[EventType "team"]
[EventRounds "9"]
[EventCountry "GER"]
[SourceTitle "EXT 2003"]
[Source "ChessBase"]
[SourceDate "2002.11.25"]
[SourceVersion "1"]
[SourceVersionDate "2002.11.25"]
[SourceQuality "1"]
[WhiteTeam "Burgsinn"]
[BlackTeam "Forchheim II"]
[WhiteTeamCountry "GER"]
[BlackTeamCountry "GER"]

1. e4 e5 2. Nf3 Nf6 3. Nxe5 d6 4. Nf3 Nxe4 5. d4 d5 6. Bd3 Nc6 7. 0-0 Be7 8. Re1 Nf6 9. Bg5 0-0 10. Nbd2 Be6 11. c3 Qd7 12. Ne5 Nxe5 13. dxe5 Ne8 14. Qh5 g6 15. Qh4 Bxg5 16. Qxg5 f6 17. exf6 Nxf6 18. Bxg6 hxg6 19. Qxg6+ Kh8 20. Nf3 Bf5 21. Qh6+ Nh7 22. Qh4 Rf6 23. Re5 Rg8 24. Rae1 Qg7 25. g3 Qg4 26. Qxg4 Bxg4 27. Nd2 Ng5 28. f4 Nf3+ 29. Nxf3 Bxf3 30. Kf2 Be4 31. c4 c6 32. cxd5 cxd5 33. Rc1 Rc6 34. Rxc6 bxc6 35. Re7 Rb8 36. b3 a6 37. Ra7 Bd3 38. Ke3 Bb5 39. Kd4 Bf1 40. Rc7 Rb4+ 41. Kc3 Rb6 42. g4 Bh3 43. g5 Bf5 44. h4 Rb8 45. Rxc6 Re8 46. Rd6 Re4 47. Rxd5 Rxf4 48. h5 Rf3+ 49. Kb4 Bb1 50. Ra5 Rg3 51. g6 Rg4+ 52. Kc3 Rh4 53. a4 Rh3+ 54. Kb2 Bd3 55. Re5 Kg7 56. b4 Bc4 57. b5 axb5 58. axb5 Rb3+ 59. Kc2 Rxb5 1/2-1/2